000 00484cam a2200205 4500
008 090401t1988 xxu||||| |||| 00| 0 eng d
020 _a0415002028
035 _a(Sirsi) u57325
041 _aeng
050 _a333.332
100 _aBaum, Andrew
245 _aProperty investment appraisal
260 _aLondon
_bRoutledge
_c1988
300 _axvi,264p. ; 24cm.
350 _a20
650 _aValuation
_96273
700 _aCrosby, Neil
942 _n0
948 _c04/03/1997
999 _c93924
_d93924